000 00465nam a2200121Ia 4500
008 220620s9999||||xx |||||||||||||| ||und||
100 _aDavid Buckingham, Rebekah Willett, and Maria Pini
245 0 _aHome Truths?: Video Production and Domestic Life
546 _aEnglish[eng]
650 _aVideo recordings -- Social aspects||Video recordings -- Production and direction||Video recording
856 _uhttp://hdl.handle.net/2027/spo.9362787.0001.001
942 _cEB
999 _c25669
_d25669